[Event "Olympiad-41"]
[Site "Tromsoe"]
[Date "2014.08.08"]
[Round "6.1"]
[White "Mamedyarov, Shakhriyar"]
[Black "Jobava, Baadur"]
[Result "1-0"]
[WhiteElo "2743"]
[BlackElo "2713"]
[Annotator "Marin,M"]
[PlyCount "65"]
[EventDate "2014.08.02"]
[EventType "team-swiss"]
[EventRounds "11"]
[EventCountry "NOR"]
[SourceTitle "CBM 162"]
[Source "ChessBase"]
[SourceDate "2014.09.17"]
[SourceVersion "1"]
[SourceVersionDate "2014.09.17"]
[SourceQuality "1"]
[WhiteTeam "Azerbaijan"]
[BlackTeam "Georgia"]
[WhiteTeamCountry "AZE"]
[BlackTeamCountry "GEO"]

1. d4 d6 ({It is worth comparing the position after Jobava's 6th move with
that arising in a Benoni hybrid used by Rudolf Spielmann, the last of the
romantics, as he was named.} 1... Nf6 2. Nf3 c5 3. d5 d6 4. c4 ({Against} 4.
Nc3 {Spielmann used to play the same:} Bf5) 4... Bf5 5. Nc3 h6 {followed by ...
g7-g5. This is not very common nowadays, but last year it was played in one
game between strong players, Caprio-Ivanisevic, Bergamo 2013 (Black won in 30
moves).}) 2. Nf3 Nf6 3. c4 c6 4. Nc3 Bf5 {This is not really a main opening
for Black, but the variation has been tried out in quite a few games. So far,
both players have been blitzing out their moves, but Mamedjarov now stopped
for almost three minutes.} 5. d5 $5 {A rare move, making the first step
towards originality.} ({According to Rotstein's article for CBM, none of the
main continuations, namely} 5. g3 {and}) (5. Nh4 {offer White realistic
chances for an advantage. As pointed out by Rainer Knaak, Mamedyarov's last
move has the merit of causing Black some problems with developing his
f8-bishop.}) 5... h6 ({Fighting for space in the centre with} 5... e5 {is best
met by} 6. dxe6 fxe6 (6... Bxe6 {actually accepts playing some sort of Old
Indian with the loss of a tempo due to the repeated bishop moves.} 7. e4 Be7 8.
Nd4 $14) 7. Nd4 Qd7 8. Nxf5 exf5 9. g3 Be7 10. Bh3 $14 {Arizmendi Martinez,J 
(2572)-Roy Chowdhury,S (2471) Lille 2013 (1/2-1/2, 22)}) ({An old game between
strong players went} 5... cxd5 6. cxd5 Qa5 $6 {This loses too many tempi.} ({
But Black's position is not simple after} 6... Nbd7 7. Nd4 Be4 8. Nb3 a5 9. a4
Bf5 10. g3 {either. Due to the exposure of the f5-bishop, he cannot develop
his f8-bishop without weakening his centre with ...e5, dxe6.}) 7. Bd2 Qb6 8. e4
Bg4 9. h3 Bxf3 10. Qxf3 g6 (10... Qxb2 11. Rb1) (10... a6 $5) 11. Bb5+ Nbd7 {
Podgaets,M-Anikaev,Y Uzhgorod 1967 (1-0, 31)} 12. Be3 $16) 6. g3 (6. Nd4 Bh7 7.
g3 c5 8. Qa4+ Nbd7 (8... Qd7 9. Ndb5 Kd8 $8 $16) 9. Ne6 fxe6 10. dxe6 Bf5 11.
exd7+ Qxd7 12. Qxd7+ Bxd7 $11) 6... c5 $146 {Jobava kept playing fast, but I
wonder whether he realised that he had got trapped in the Spielmann Benoni
with a tempo down. I am not that dogmatic to claim that a tempo is always
important, nor will I preach using Tartakower's classic "Chess is the tragedy
of one tempo" (as almost anything else that he wrote, this actually is a play
on words, hinting at the theatre world, too). But if you are Black and play a
hyper-hyper-modern opening, the thought that every tempo is important could at
least briefly cross your mind.} (6... Qc8 $6 {looks unnatural, but in some
cases controling the h3-c8 diagonal may prove useful.} 7. h3 $6 (7. Bg2 Bh3 8.
O-O Bxg2 9. Kxg2 $14) 7... c5 $6 (7... Ne4 $5 8. Nd4 Nxc3 9. bxc3 Be4 10. f3
Bh7 {[%csl Gc3][%cal Gc6d5]}) 8. Bg2 g5 9. h4 g4 10. Nh2 Bg7 11. O-O Nh5 (11...
h5 $14) 12. Bd2 e5 $2 13. dxe6 Bxe6 14. Nb5 $18 {Ivanov,M (2489)-Roche,Y (2043)
Val Thorens 2008 (1-0, 18)}) (6... e5 $6 {has the same drawbacks as above.} 7.
dxe6 Bxe6 {The move ...h7-h6 is generally useful, while g2-g3 has committed
White to develop his bishop to g2. However, he can deal with it:} 8. e4 (8. b3
d5 $11) 8... Be7 (8... d5 9. cxd5 cxd5 10. Bb5+ $16) 9. Nd4 (9. b3 d5 10. e5
Bb4 $132) 9... Qd7 10. Qe2 O-O 11. Bg2 Na6 12. O-O $14) (6... Ne4 {might be
the most logical continuation.} 7. Nd4 (7. Bg2 Nxc3 8. bxc3 c5 9. O-O g5 $132 {
[%csl Gc4]}) 7... Nxc3 8. bxc3 Bd7 (8... Bh7 9. Bh3 $14) 9. Bg2 c5 10. Nc2 g6 {
with more or less normal play for Black.}) 7. Nh4 {White decides to prevent
the planned ...g7-g5 followed by ...Bg7, but this could have backfired.} ({
Being a player of the boring type, I would use my extra tempo for continuing
my development with} 7. Bg2 {As for White's chances for an advantage, I can
only quote some words of wisdom heard from Korchnoi during one of our
post-mortems: "If you do not win, bad luck; but you have to play like this!"
But then it would not become such an original game... A possible continuation
would be} Nbd7 8. O-O g5 9. Ne1 Bg7 10. e4 Bg6 11. Nd3 O-O 12. f4 $14) 7... Bh7
8. f4 {Too straightforward.} ({White could still keep an edge by patiently
manoeuvring with} 8. Ng2 Nbd7 9. Ne3 g5 10. Bh3 $14) {Jobava finally stopped
from the blitzing fury and took 16 minutes before answering. This is what they
used to preach when I was a kid: play by intuition for most of the game, but
do stop for some deep thought in the two or three critical moments. However,
the way the game turns, this seems to have been the wrong decision.} 8... Rg8
$2 {Black needs to find a way to develop his f8-bishop.} ({It goes without
saying that} 8... g6 $2 {is simply awful. While preparing to activate one
bishop, it paralyses the other.}) ({Or if} 8... e6 $2 9. dxe6 fxe6 10. Bh3 {
the absence of the light-squared bishop from the queenside causes Black major
problems.}) ({I am almost certain that for a player like Jobava the first
impulse suggests the dynamic} 8... g5 $1 {preparing the development of the
dark-squared bishop without molesting its colleague.} 9. fxg5 hxg5 10. Bxg5 Ne4
{Followed by ...Bg7 and ...Nd7 with excellent compensation for Black. Quite
possibly, during his long thought Baadur managed to "convince himself" there
was no need for such radical measures. I must confess that I am very surprised
with myself. For decades, I have countless times advised: "Do not rush, take a
deep breath once in a while". But now, I advocate the opposite: "If you are in
your element, don't hesitate, go for what your heart tells you!"} 11. Bd2 (11.
Nxe4 Bxe4 12. Rg1 Bg7 13. Qb3 Qb6 {[%csl Gb2]}) 11... Bg7 12. Bh3 Nxd2 13. Qxd2
Nd7 14. Bf5 Bf6 15. Bxh7 Bxh4 16. gxh4 Rxh7 17. Rg1 Rh8 18. Rg7 Ne5 $44) 9. Nf3
$1 {The knight returns into play, leaving Black with the problem of developing
his f8-bishop.} Ne4 $6 {After another long thought, 14 minutes. This time,
there really was plenty to think about.} (9... g5 $6 {does not work out so
well now:} 10. fxg5 hxg5 11. Nxg5 {The knight which would have remained on the
edge of the board in the previous line now gains a vital tempo, covering the
e4-square at the same time.}) ({The lesser evil would have been developing.} 
9... Nbd7 10. Bh3 a6 11. a4 Qc7 12. O-O O-O-O {The king will be in some danger
on the queenside, but there was no other way of getting out from the centre.}
13. a5 Kb8 14. Re1 Ne4 $14) 10. Qc2 $1 {Due to the unusual position of the
black rook, this creates a relative pin.} Qa5 (10... Nxc3 $2 11. Qxh7 {would
trap the rook in an amusing (surely not for Black) way.}) 11. Bd2 Ng5 12. Qb3
Nxf3+ 13. exf3 {The dynamic phase has come to an end. White has a considerable
space advantage and a huge lead in development. At this level, this is
equivalent to being close to winning.} Nd7 14. Bh3 ({The greedy} 14. Qxb7 {
would have been possible and quite good actually. Both players must have
stopped after} Rb8 15. Qc6 Rxb2 {, overlooking that the simple} 16. Rd1 $1 {
unpins the knight and threatens the decisive Nb5.}) 14... O-O-O 15. Nb5 Qa6 {
Not a fortunate square for the queen.} ({But} 15... Qb6 16. Qa3 {threatening
Ba5 and Nxa7+ at the same time would be even worse for Black.}) 16. O-O g5 {
The impact of this move is negligible, while White's queenside attack will be
simple to carry out and quite effective!} 17. Rfe1 ({A natural developing move,
preventing ...Bg7 and getting out of the range of the h7-bishop (if a4-a5 and
Qa4, then ...Bd3 could come), but the immediate} 17. a4 {would have been quite
strong, too.}) 17... Kb8 18. a4 Nf6 19. a5 g4 {With the queen caged in on a6,
Black's attack is rather symbolic.} 20. fxg4 Nxg4 21. Qa4 h5 22. b4 h4 23. Rac1
{(!!) When I saw this move, my first impulse was to check whether there was a
black bishop along the a1-h8 diagonal. The diagonal is completely empty, so I
had to look for a deeper reason for the last move - not the only, but quite a
strong one. By defending the c4-pawn, White creates the deadly threat Nc7!!
followed by b5, trapping the queen! Since 23...b6 looks suicidal, Black is
forced to release the tension, thus opening files for White's attack.} cxb4 24.
Bxg4 Rxg4 25. Be3 {Black's army is cut in two. The kingside pieces cannot
provide the king with any support, while the queen cannot attack the white
king. And there is no satisfactory way to prevent Bxa7+.} b6 26. Qd1 Qc8 27.
axb6 hxg3 28. h3 {The simplest. With a bit of care, the g3-pawn is the white
king's best friend.} Rh4 29. Qa4 Qd7 30. c5 Rxh3 31. f5 $1 ({By "a bit of
care" I meant avoiding the trap} 31. c6 $4 Rh1+ $1 {turning the g3-pawn into
the king's worst enemy. after} 32. Kxh1 Qh3+ 33. Kg1 Qh2+ 34. Kf1 Bd3+ {
with mate in two. It is worth noticing that such an oustanding tactician as
Mamedjarov needed only three seconds to play his last move!}) 31... Bxf5 {
Blocking the queen's access to h3 for a decisive instant.} ({Keeping the queen
acitve with} 31... Qxf5 {allows a similar scenario in the opposite corner of
the board:} 32. Qxa7+) 32. c6 a5 33. Qxa5 1-0

[Event "EU-ch 4th"]
[Site "Istanbul"]
[Date "2003.06.03"]
[Round "5"]
[White "Genov, Petar"]
[Black "Markowski, Tomasz"]
[Result "1-0"]
[WhiteElo "2490"]
[BlackElo "2587"]
[Annotator "Meulders,R"]
[PlyCount "111"]
[EventDate "2003.05.30"]
[EventType "swiss"]
[EventRounds "13"]
[EventCountry "TUR"]
[SourceTitle "CBM 096"]
[Source "ChessBase"]
[SourceDate "2003.09.25"]
[SourceVersion "1"]
[SourceVersionDate "2003.09.25"]
[SourceQuality "1"]

1. d4 d6 2. e4 Nf6 3. f3 e5 4. d5 a5 5. c4 Be7 (5... g6 {würde zu einer
eigenartigen Königsindischen Stellung, Sämisch, führen}) 6. Nc3 Nbd7 7. Nge2
Nc5 8. Be3 O-O 9. Ng3 Ne8 {bereitet das typische Manöver g6, Ng7, f5 vor.} 10.
Qd2 (10. Bd3 Bg5 11. Bf2 g6 12. Bc2 Bd7 13. h4 $2 (13. O-O) 13... Bxh4 14. Qd2
Qg5 15. Rxh4 Qxh4 16. Nce2 b5 17. O-O-O Qe7 $19 {0-1 Goldsmith,A-Jamieson,R/
Adelaide 1990/EXT 97 (63)}) 10... g6 (10... h6 $5 {entspricht eigentlich nicht
dem Geist der Variante, weil Schwarz prinzipiell ...f5 durchführen möchte,
aber die Idee den schlechten Be7 ab zu tauschen ist nicht zu tadeln.} 11. Be2
Bg5 12. O-O Bxe3+ 13. Qxe3 g5 14. Nh5 Ng7 15. Nxg7 Kxg7 {mit gleichen
Aussichten aber zu Ende 1-0, Filipovic,M-Car,T/Pula 2000/EXT 2001 (50).}) 11.
Be2 Ng7 12. O-O Bd7 (12... b6 13. b3 Bd7 14. Rae1 h5 15. f4 exf4 16. Bxf4 Bf6
17. Bd1 Qe7 18. Bc2 $14 {[%csl Rf6,Rg7] 1-0 Gunawan,R-Hebert,J/Thessaloniki
1984/EXT 97-B (102)}) 13. Bh6 $14 f5 14. exf5 gxf5 15. f4 $6 (15. Rae1) 15...
e4 16. Nh5 {So erobert Weiß das Läuferpaar.} Bf6 17. Kh1 Be8 18. Nxf6+ Qxf6 19.
Bg5 Qg6 20. Rg1 $16 {[%cal Gg1g7,Gg6g8]} Bd7 {[%cal Gc3d1,Gd1e3,Ge3c2,Gc2d4]}
21. Nb5 {So erlaubt Weiß dass Schwarz seinen schlechten schwarzfeldigen Läufer
los wird, aber die Alternative: Nd1, Ne3, Nc2, Nd4 kostet 4 Tempi.} Bxb5 {
Natürlich} 22. cxb5 e3 $5 {Eine interessante gewalttätige Methode um
Gegenspiel zu bekommen.} 23. Qxe3 Rae8 24. Qf3 Ne4 {[%csl Rg7] Stünde der
Kollege eben auch so gut...} 25. Bh4 Qh6 26. g3 Qg6 27. Rae1 Qf7 28. b3 {
Indirekte Deckung von Pd5} Kh8 29. Bc4 {Jetzt kann Schwarz endlich noch etwas
mit dem Ng7 machen.} Nh5 30. Re2 Nhf6 {Langfristig sollten das Läuferpaar und
der Plusbauer den Durchschlag geben aber vorläufig kann Schwarz sich noch
halten.} 31. Rd1 Nd7 32. h3 $1 {Weiß bereitet g4 vor um die Stellung des Ne4
zu untergraben.} Ndc5 33. Kh2 h6 34. Rf1 Rg8 35. g4 Ref8 36. Rg2 Rg7 37. a3
Rfg8 38. Rfg1 fxg4 39. hxg4 Rf8 40. Rf1 $1 {Weiß wartet bis nach der
Zeitkontrolle, um sich zu entscheiden, welchen Bauern er aufspielen wird.} (40.
b4 Ng5 41. Bxg5 hxg5 42. Rh1 (42. bxc5 $4 Rh7+ 43. Kg3 Rh3+ $3 44. Kf2 (44.
Kxh3 $4 Qh7+ 45. Kg3 Qh4#) 44... Rxf3+ $19)) 40... Nf6 {Mit diesem forcierten
Rückzug verschlechtert sich die schwarze Lage allmählich.} 41. Re1 $16 Ng8 42.
Rf1 Nd7 43. Rg3 {[%cal Gg3h3,Gh3h8]} Re8 44. Rh3 Qg6 45. g5 $1 $18 {Der
Rubicon wird überschritten.} Qc2+ 46. Rf2 Qb1 47. Rg2 Rf8 48. gxh6 Rgf7 49.
Qc3+ Ndf6 50. Bd3 Qd1 51. Bg6 {Ab jetzt wird es eine peinliche Exekution für
Schwarz.} Qxd5 52. h7 Ne7 53. Rg5 Qd1 54. Bf2 Qe2 55. Rg2 Qe6 56. Re3 1-0

[Event "EU-ch 4th"]
[Site "Istanbul"]
[Date "2003.06.10"]
[Round "10"]
[White "Avrukh, Boris"]
[Black "Sanduleac, Vasile"]
[Result "1-0"]
[WhiteElo "2586"]
[BlackElo "2492"]
[Annotator "Meulders,R"]
[PlyCount "57"]
[EventDate "2003.05.30"]
[EventType "swiss"]
[EventRounds "13"]
[EventCountry "TUR"]
[SourceTitle "CBM 096"]
[Source "ChessBase"]
[SourceDate "2003.09.25"]
[SourceVersion "1"]
[SourceVersionDate "2003.09.25"]
[SourceQuality "1"]

1. d4 d6 2. Nf3 Bg4 3. c4 Bxf3 4. exf3 c6 5. Nc3 Nf6 6. g4 $5 (6. d5 Nbd7 (6...
g6 7. g3 Bg7 8. Bh3 O-O 9. O-O Nbd7 10. Re1 Re8 11. f4 Qa5 12. Bd2 Qc5 $11 {
1-0 Vukic,M-Jovanovic,Z/Bosnjaci 2003 (61)}) 7. Be2 g6 8. O-O Bg7 9. Be3 O-O
10. Qd2 (10. f4 cxd5 11. cxd5 Qa5 12. a3 Rfc8 13. Bd4 Ne8 14. Bg4 $14 {1-0
Farago,I-Davies,N/Silkeborg 1988 (39)}) 10... Qa5 11. Rab1 Rfc8 12. Rfc1 Qd8
13. f4 cxd5 14. cxd5 Nc5 15. Bf3 Qd7 16. h3 Na4 17. Ne2 $14 {1/2-1/2 Levitt,
J-Torre,E/Saint John 1988 (54)}) (6. Bd3 g6 7. O-O Bg7 8. f4 O-O 9. f5 d5 10.
c5 b6 11. Ne2 Nbd7 12. Qc2 bxc5 13. dxc5 Ne5 14. Nd4 Nxd3 15. Qxd3 Qd7 16. b4
Ne4 17. Bb2 gxf5 18. f3 e5 $13 {0-1 Cooper,J-Levitt,J/Plymouth 1989 (36)}) (6.
f4 d5 (6... e6 7. d5 exd5 8. cxd5 Be7 9. Be2 O-O 10. O-O Nbd7 11. Be3 Nb6 12.
Bf3 {1-0 Eingorn,V-Marangunic,S/Bern 1993 (35)}) 7. f5 g6 8. fxg6 hxg6 9. Be3
Bh6 10. Qf3 Qa5 11. cxd5 cxd5 12. Bb5+ Kf8 13. O-O a6 14. Ba4 $14 {1-0
Mikhalchishin,A-Jacimovic,D/Skopje 1991 (21)}) 6... e6 7. g5 Nfd7 8. d5 cxd5 9.
cxd5 e5 10. f4 Be7 $2 {Ich glaube, dass es nach diesem Zug schon schwierig ist
für Schwarz, das Gleichgewicht zu behalten.} (10... exf4 $5 11. Bxf4 Be7 12.
Qh5 O-O (12... Ne5 13. Bb5+ Nbd7 14. Bxe5 dxe5 15. g6 fxg6 16. Qxe5 Kf8 $14)
13. Bd3 g6 14. Qh6 Ne5 15. Be2 f6 $11) 11. fxe5 Nxe5 12. f4 {Alles mit Tempo.}
Ned7 13. Bd3 {Weiß hat viel mehr Raum. Sein König ist nicht mehr von Bauern
geschützt, aber Schwarz kann dies nicht ausnützen und hat es selbst nicht
leicht, für seinen K eine gute Unterkunft zu finden.} Na6 14. Kf1 $5 {Auf
Grund der Partiefolge ein sehr tief durchdachter Zug, womit Weiß seinen K von
der offenen e-Linie holt.} Nac5 15. Bc2 a5 {Es ist nicht so leicht für Schwarz,
seine Entwicklung vernünftlich weiter zu setzen, z.B.} (15... h6 $6 16. Qh5 g6
17. Qh3 $1 {[%cal Yh3e6,Ge6g4,Gg4e6,Rh3d7,Rc2g6,Rc1h6] und Schwarz kann sich
nicht gut befreien.} (17. Qe2 $2 hxg5 18. fxg5 Ne5 $11)) 16. Be3 $1 O-O {
Es erscheint Wahnsinn sich ins Grab zu werfen. Schwarz hat kein Gegenspiel und
die weiße Attacke kommt blitzschnell in Schwung. Aber die Alternativen sind
reizlos.} (16... Qb6 17. Bd4 $16) (16... h6 17. Qh5 $1 Qb6 (17... g6 18. Qh3
Nf8 19. Re1 Rh7 20. Bxc5 dxc5 21. Ba4+ Nd7 22. d6 $18) (17... Kf8 18. Rg1 g6
19. Qh3 Kg8 20. gxh6 Qf8 21. f5 $18) 18. Rb1 Qb4 19. Qe2 hxg5 $2 20. a3 Qb6 21.
b4 axb4 22. axb4 $18) 17. h4 Re8 18. Bd4 Bf8 (18... Qb6 19. h5 (19. Bxh7+ {
sieht gefährlich aus für Schwarz aber es erscheint nur ein Sturm im Wasserglas.
} Kxh7 20. Qh5+ Kg8 21. Bxg7 Kxg7 22. Qh6+ Kg8 23. g6 Qa6+ 24. Kf2 Nf6 25. Rag1
Rec8 26. gxf7+ Kxf7 27. Rg7+ Ke8 28. Qg6+ Kd8 29. Rxe7 Kxe7 30. Qg7+ Kd8 31.
Qxf6+ Kc7 $19) 19... Rac8 20. g6 Bf6 21. gxf7+ Kxf7 22. Bxh7 $16) 19. h5 b5 {
Leider für Schwarz ist dies nur ein Theaterdegen, völlig harmlos.} 20. Qb1 $1
$18 h6 21. gxh6 Nf6 22. hxg7 Bxg7 23. h6 Bh8 24. Rg1+ Kf8 25. h7 b4 26. Ne2 Qd7
27. Bf5 Qb5 28. Qc2 Ke7 29. Kf2 ({Schwarz ekelte sich wahrscheinlich vor
seiner Stellung. Eine mögliche Folge könnte sein:} 29. Kf2 Nxd5 30. Rae1 {
/\ Bxh8, Nd4+ +-} Ne6 31. Bxh8 Rxh8 32. Nd4 Qb6 33. Qe4 Nf6 34. Qd3 Kd8 35.
Bxe6 fxe6 36. Rxe6 Nxh7 37. Rgg6 $18) 1-0

[Event "RUS-ch 56th"]
[Site "Krasnoyarsk"]
[Date "2003.09.10"]
[Round "7"]
[White "Rychagov, Andrey"]
[Black "Zablotsky, Sergei"]
[Result "0-1"]
[WhiteElo "2554"]
[BlackElo "2410"]
[Annotator "Meulders,R"]
[PlyCount "69"]
[EventDate "2003.09.03"]
[EventType "swiss"]
[EventRounds "9"]
[EventCountry "RUS"]
[SourceTitle "CBM 098"]
[Source "ChessBase"]
[SourceDate "2004.02.03"]
[SourceVersion "1"]
[SourceVersionDate "2004.02.03"]
[SourceQuality "1"]

1. d4 d6 2. Nf3 Bg4 3. c4 Nd7 4. Nc3 Ngf6 5. h3 Bxf3 6. exf3 c6 (6... e5 7. Be3
c6 8. Be2 Be7 9. O-O O-O 10. Qc2 Qc7 11. Rad1 exd4 12. Bxd4 Rfe8 13. f4 $14 {
1-0 Rubinstein,A-Schlechter,C/Berlin 1918/HCL (49)}) (6... g6 7. Be2 Bg7 8. g4
e5 9. d5 a5 10. Ne4 Nxe4 11. fxe4 Bf6 12. Be3 Bg5 13. Qd2 Bxe3 14. Qxe3 Nc5 $11
{0-1 Andersen,D-Mainka,G/Dortmund 1993/TD (19)}) (6... c5 7. d5 g6 8. Be3 Bg7
9. Qd2 Qb6 10. Rb1 O-O 11. Be2 Rfe8 12. O-O a6 13. b4 $16 {0-1 Lang,B-Baudner,
G/Saarburg 1995/EXT 2000 (37)}) 7. f4 g6 8. g4 Bg7 9. g5 (9. Bg2 Qb6 10. Rb1
Qb4 11. Qb3 a5 12. Bd2 $11) 9... Ng8 10. Be3 d5 $6 11. cxd5 cxd5 12. Nxd5 e6
13. Nc3 Ne7 $16 {Ich sehe keine Kompensation.} 14. Bg2 O-O 15. Qd2 (15. O-O Nf5
16. d5 Nxe3 17. fxe3 $16) 15... Nb6 16. Bxb7 Nc4 17. Qe2 Rb8 18. Qxc4 Rxb7 19.
Qe2 Qb8 20. b3 Rc7 21. Ne4 Qb4+ 22. Kf1 $6 ({Warum nicht das logische} 22. Qd2
Qb7 23. f3 Nf5 24. O-O Rd8 25. Rad1 Nxd4 26. Qf2 $1 Nc6 27. Rxd8+ Nxd8 28. Bd4
$18) 22... Nd5 23. Rd1 Rd8 24. Kg2 Qb7 25. Qf3 {Weiss steht noch immer klar
besser.} Rc2 26. Rd2 Rxd2 27. Nxd2 Qa6 28. a4 (28. Ra1 $16) 28... Qd3 29. Qe4
$6 ({Ich glaube} 29. Rc1 $1 {war absolut notwendig. Jetzt nisten sich die
schwarzen Schwerfiguren im weißen Lager ein.}) 29... Qc3 30. Rd1 Rc8 31. Qf3 $2
({Nach} 31. Kg1 {hat Schwarz noch immer gute Kompensation für die zwei Bauern,
aber kommt er m.E. nicht weiter. Mit dem Textzug dezentralisiert Weiß seine
stärkste Figur.}) 31... Qc2 $1 {Macht Platz für den Turm.} 32. Re1 Rc3 $15 33.
Ne4 (33. Re2 Qd1) 33... Rxb3 34. Re2 Qc6 35. Rd2 (35. Rd2 Ra3 (35... Qxa4 $4
36. Nc5 $16) 36. Rb2 Qc8 $17) 0-1